000 00305nam a2200121Ia 4500
008 190216s9999||||xx |||||||||||||| ||und||
100 _aBanumurthy T S
245 0 _aAncient Indian Mathematics
260 _bNew Age International Publishers
_c1995
300 _a214p
650 _aMathematics
942 _cBK
999 _c31217
_d31217